| 000 | 00733nam a2200205 4500 | ||
|---|---|---|---|
| 001 | VA20466 | ||
| 003 | ES-SlBCS | ||
| 005 | 20210601154104.0 | ||
| 008 | 140520s1970 xxu||||| |||| 00| 0 spa d | ||
| 041 | _aspa | ||
| 100 | 1 |
_aKendrew, John C. _9365904 |
|
| 245 | 1 | 0 |
_aIntroducción a la biología molecular. El hilo de la vida _b:Bioquímica. Ácidos nucleicos y código genético _cJohn C. Kendrew; Alfonso Álvarez Villar, Gonzalo Gonzalvo Mainar |
| 260 |
_aMadrid : _bMorata _c, 1970 |
||
| 300 |
_a122 p.; _c21 cm |
||
| 490 | 0 |
_aFilosofía-Psicología-Pedagogía _v |
|
| 650 |
_aBiología Molecular-Introducción _9365905 |
||
| 700 | 1 | 0 |
_aGonzalvo Mainar, Gonzalo _927619 |
| 700 | 1 | 0 |
_aÁlvarez Villar, Alfonso _927133 |
| 942 | _cBK | ||
| 999 |
_c799944 _d799944 |
||